00209nam a22000857a 4500082001500000100001000015245005100025260003900076300000800115 a629.254YOU aYoung aAutomobile electrical and electronic equipment aLondonbEnglish Book Societyc1986 a458